Central Library OPAC University of Rajshahi

Critical path analysis in practice : (Record no. 76113)

MARC details
000 -LEADER
fixed length control field 00866nam a22002771 4500
001 - CONTROL NUMBER
control field 76113
003 - CONTROL NUMBER IDENTIFIER
rucl marc code BD-RjUL
005 - DATE AND TIME OF LATEST TRANSACTION
control field 20211209082808.0
008 - FIXED-LENGTH DATA ELEMENTS--GENERAL INFORMATION
fixed length control field 190428s1968 enka b 000 0 eng
035 ## - SYSTEM CONTROL NUMBER
System control number (BD-RjUL)76334
040 ## - CATALOGING SOURCE
Original cataloging agency DLC
Transcribing agency DLC
Modifying agency DLC
-- BD-RjUL
Language of cataloging eng
041 ## - LANGUAGE CODE
Language code of text/sound track or separate title eng
082 00 - DEWEY DECIMAL CLASSIFICATION NUMBER
Edition number 23
Classification number 658.4032
Author mark and year CRI 1968
100 1# - MAIN ENTRY--PERSONAL NAME
Personal name Thornley, Gail,
Relator term comp.
9 (RLIN) 234135
245 10 - TITLE STATEMENT
Title Critical path analysis in practice :
Remainder of title collected papers on project control /
Statement of responsibility, etc. edited by Gail Thornley.
260 ## - PUBLICATION, DISTRIBUTION, ETC. (IMPRINT)
Place of publication, distribution, etc. London,
-- New York [etc.]
Name of publisher, distributor, etc. Tavistock,
Date of publication, distribution, etc. 1968.
300 ## - PHYSICAL DESCRIPTION
Pagination iii-xii, 152 p.:
Illustrations illus.;
Size 25 cm.
350 ## - PRICE (NR) (BK AM CF MU VM SE) [OBSOLETE]
Price 42/6
500 ## - GENERAL NOTE
General note "Distributed in the U.S.A. by Barnes & Noble."
504 ## - BIBLIOGRAPHY, ETC. NOTE
Bibliography, etc Bibliography: p. 140-142.
650 #0 - SUBJECT ADDED ENTRY--TOPICAL TERM
Topical term or geographic name as entry element Critical path analysis.
9 (RLIN) 234136
942 ## - ADDED ENTRY ELEMENTS (KOHA)
Source of classification or shelving scheme Dewey Decimal Classification
Koha item type Books
Holdings
Lost status Source of classification or shelving scheme Damaged status Not for loan Collection code Permanent Location Current Location Shelving location Date acquired Source of acquisition Total Checkouts Full call number Date last seen Copy number Koha item type
  Dewey Decimal Classification   Not For Loan Non-fiction Central Library, University of Rajshahi Central Library, University of Rajshahi Reading Room 04/07/1970 Book View   658.4032 CRI 1968 28/10/2019 C-1 Books